000
00213 a2200097 4500
001
47896
100
_a
Fischer L
245
_a
Russia Revisited
260
_a
London
_b
A W Bain & Co. Ltd
_c
090
_c
30891
_d
30891
942
_a
NUST-CAE
_c
M
_c
23215
999
_c
282969
_d
282969